Труды ... Государственного научного института охраны труда НКТ, НКЗ и ВСНХ. № 17. (Т. 9, вып. 2): Методика исследования физического развития и телосложения подростка в целях профконсультации (Запись № 13628771)

Подробности
000 -МАРКЕР
контрольное поле 01279nam2a2200229 4500
001 - ИДЕНТИФИКАТОР ЗАПИСИ
контрольное поле rc\2875696
005 - ИДЕНТИФИКАТОР ВЕРСИИ
контрольное поле 20260315070923.0
035 ## - ДРУГИЕ СИСТЕМНЫЕ НОМЕРА
Идентификатор записи (NLR Aleph) 007204439
100 ## - ДАННЫЕ ОБЩЕЙ ОБРАБОТКИ
Данные общей обработки 20110716d1931 u y0rusy50 ca
101 0# - ЯЗЫК РЕСУРСА
Язык текста, звукозаписи и т.д. русский
102 ## - СТРАНА ПУБЛИКАЦИИ ИЛИ ПРОИЗВОДСТВА
Страна публикации Российская Федерация
105 ## - ПОЛЕ КОДИРОВАННЫХ ДАННЫХ: ТЕКСТОВЫЕ МАТЕРИАЛЫ, МОНОГРАФИЧЕСКИЕ
Кодированные данные о монографическом текстовом документе y z |||||
200 1# - ЗАГЛАВИЕ И СВЕДЕНИЯ ОБ ОТВЕТСТВЕННОСТИ
Основное заглавие Методика исследования физического развития и телосложения подростка в целях профконсультации
210 ## - ПУБЛИКАЦИЯ, РАСПРОСТРАНЕНИЕ И ДР.
Дата издания, распространения и т.д. 1931
461 #0 - УРОВЕНЬ НАБОРА
Встроенное поле 001rc\2875680
-- 2001#$aТруды ... Государственного научного института охраны труда НКТ, НКЗ и ВСНХ$e[№ 1]-$v№ 17. (Т. 9, вып. 2)
Системный номер (АБИС) связанной записи 7648981
Автор Всесоюзный центральный институт экономики, организации и оздоровления труда
Место публикации Москва
Дата публикации 1928-1935
Имя издателя, распространителя и т.д. Нар. ком. внутренних дел
Сведения, относящиеся к заглавию [№ 1]-
Заглавие Труды ... Государственного научного института охраны труда НКТ, НКЗ и ВСНХ
Номер тома № 17. (Т. 9, вып. 2)
700 #1 - ИМЯ ЛИЦА - ПЕРВИЧНАЯ ОТВЕТСТВЕННОСТЬ
Начальный элемент ввода Покровский
Часть имени, кроме начального элемента ввода А.Н.
801 #0 - ИСТОЧНИК ЗАПИСИ
Страна Российская Федерация
Организация NLR
Правила каталогизации psbo
801 #1 - ИСТОЧНИК ЗАПИСИ
Страна Российская Федерация
Организация ELAR
Источник данных rusmarc
852 ## - МЕСТОНАХОЖДЕНИЕ И ШИФР ХРАНЕНИЯ
Идентификатор организации NLR
Шифр хранения (Call Number) 30.19/691
942 ## - ДОПОЛНИТЕЛЬНЫЕ ЭЛЕМЕНТЫ ЗАПИСИ (АБИС)
Тип экземпляра АБИС Неопределено
980 ## - КОЛЛЕКЦИЯ
Название коллекции Национальная библиография

Нет доступных экземпляров.